| 000 | 00680nam a2200229 a 4500 | ||
|---|---|---|---|
| 999 |
_c2565 _d2565 |
||
| 001 | 2565 | ||
| 003 | BD-JhCC | ||
| 005 | 20171104185859.0 | ||
| 008 | 171104s2000 bg |||| ||a| 000 0 ben d | ||
| 020 | _a9844151007 | ||
| 035 | _a(BD-JhCC)2565 | ||
| 040 |
_aBD-JhCC _dBD-JhCC |
||
| 041 | _aben | ||
| 082 |
_a301 _bMOR 2000 |
||
| 100 | _aমর্গান, লুইস হেনরী | ||
| 245 |
_aআদিম সমাজ / _cলুইস হেনরী মর্গান; বুলবন ওসমান (অনু.) |
||
| 260 |
_aঢাকা : _bঅবসর, _c2000. |
||
| 300 |
_a350 p. : _c22 cm. |
||
| 650 | _aAcient Society | ||
| 942 |
_2ddc _cBK |
||